IIT Foundation Practice Book; (Record no. 208057)

MARC details
000 -LEADER
fixed length control field 00492nam a22001697a 4500
005 - DATE AND TIME OF LATEST TRANSACTION
control field 20250106115423.0
010 ## - LCCN (DPL NO)
LC control number B-761555
020 ## - INTERNATIONAL STANDARD BOOK NUMBER
International Standard Book Number 9789393790897
Terms of availability 637.00
035 ## - SYSTEM CONTROL NUMBER
System control number B-761555
037 ## - SOURCE OF ACQUISITION
Source of stock number/acquisition Gift
082 ## - DEWEY DECIMAL CLASSIFICATION NUMBER
Classification number 000
245 ## - TITLE STATEMENT
Title IIT Foundation Practice Book;
Remainder of title Physics/ Chemistry/ Mathematics 2008 Class 7/
260 ## - PUBLICATION, DISTRIBUTION, ETC. (IMPRINT)
Name of publisher, distributor, etc Pearson publication
300 ## - PHYSICAL DESCRIPTION
Extent Vp.
Dimensions 28cm(Pb)
942 ## - ADDED ENTRY ELEMENTS (KOHA)
Source of classification or shelving scheme Dewey Decimal Classification
Item type English Books
Call number suffix IIT
Classification part 000
Holdings
Withdrawn status Lost status Not for loan Collection code Home library Current library Date acquired Source of acquisition Cost, normal purchase price Full call number Barcode Copy number Cost, replacement price Koha item type Public note
      Non-fiction Central Library Central Library 06/01/2025 Gift/19.12.24 635.00 IIT 000 B-761555 1 635.00 English Books Gift

© Delhi Public Library
Hit Counter
free hit counter